Największe miasta w 1500 - Statystyki

Ogólne statystyki
  • Ten quiz został rozwiązany 142 razy
  • Średni wynik to 4 z 20
Statystyki odpowiedzi
lp. Populacja Miasto % Poprawnych
9 185 000 Paryż
90%
1 672 000 Pekin
74%
7 200 000 Stambuł
64%
3 400 000 Kair
45%
20 110 000 Wenecja
35%
19 114 000 Neapol
34%
17 125 000 Seul
21%
11 147 000 Nankin
19%
10 150 000 Kanton
15%
15 127 000 Xi'an
8%
13 130 000 Fez
4%
14 127 000 Edirne
1%
8 200 000 Lahaur
1%
18 122 000 Suzhou
1%
5 250 000 Tabriz
1%
16 125 000 Ajjuthaja
0%
12 140 000 Cuttack
0%
6 200 000 Gauda
0%
4 250 000 Hangzhou
0%
2 500 000 Vijayanagar
0%
Nie znaleziono quizów pasujących do podanych kryteriów
Rozkład punktacji
Procent ludzi z każdym wynikiem
Percentyl według liczby udzielonych odpowiedzi
Twoja historia wyników
Nie rozwiązałeś tego quizu